| 000 | 00000nam##2200000za#4500 |
| 001 | 9.640153 |
| 003 | CaOODSP |
| 005 | 20210624222531 |
| 007 | cr ||||||||||| |
| 008 | 150407|2008||||xxc|||||o f|0| 0 fre|d |
| 040 | |aCaOODSP|bfre |
| 043 | |an-cn--- |
| 086 | 1 |aET4-8/2008F-PDF |
| 110 | 1 |aCanada. |bCommissariat aux conflits d'intérêts et à l'éthique. |
| 245 | 13|aLe rapport Flaherty en vertu de la Loi sur les conflits d'intérêts / |h[ressource électronique]|c[par] Mary Dawson, Commissaire aux conflits d'intérêts et à l'éthique. |
| 260 | |aOttawa - Ontario : |bCommissariat aux conflits d'intérêts et à l'éthique |cDécembre 2008. |
| 300 | |a20p. |
| 590 | |a12-12-Supp|b2012-03-28 |
| 775 | 08|tThe Flaherty report made under the Conflict of Interest Act / |w(CaOODSP)9.696036 |
| 856 | 40|ahttp://publications.gc.ca|qPDF|s275 Ko|uhttps://publications.gc.ca/collections/collection_2012/ccie-ciec/ET4-8-2008-fra.pdf |
| 986 | |a122008-08F |